Pro-Brexit and Anti-Brexit Slogans As a Reflection of the British Political Discourse

Referendum v UK o členstve v Európskej únii (23.6.2016) - začiatok Brexitu. Dôvody referenda. Analýza výsledku referenda z hľadiska používaného jazyka počas jeho realizácie a po ňom: politická atmosféra, argumenty dvoch hlavných kampaní v prospech a proti Brexitu, kľúčové slogany, dôsledky zapojenia...

Descripción completa

Guardado en:
Detalles Bibliográficos
Autor principal: Hrivíková, Tatiana, 1959-
Formato: Capítulo de libro
Lenguaje:inglés
Materias:
Etiquetas: Agregar Etiqueta
Sin Etiquetas, Sea el primero en etiquetar este registro!

MARC

LEADER 00000naa$a2200000$$$4500
001 0248304
005 20240502073954.8
041 0 |a eng 
044 |a SK 
245 1 0 |a Pro-Brexit and Anti-Brexit Slogans As a Reflection of the British Political Discourse  |c Tatiana Hrivíková 
520 |a Referendum v UK o členstve v Európskej únii (23.6.2016) - začiatok Brexitu. Dôvody referenda. Analýza výsledku referenda z hľadiska používaného jazyka počas jeho realizácie a po ňom: politická atmosféra, argumenty dvoch hlavných kampaní v prospech a proti Brexitu, kľúčové slogany, dôsledky zapojenia rôznych zainteresovaných strán. 
610 2 0 |a jazykoveda 
610 2 0 |a angličtina 
610 2 0 |a politika 
610 2 0 |a politológia 
610 2 0 |a referendum 
610 2 0 |a komunikácia 
610 2 0 |a médiá 
610 2 0 |a brexit 
610 2 0 |a Veľká Británia 
610 2 0 |a Európska únia 
100 1 |a Hrivíková, Tatiana, 1959-